Practice Of Management (Record no. 98147)
[ view plain ]
| 000 -LEADER | |
|---|---|
| fixed length control field | 00337nam a2200145Ia 4500 |
| 008 - FIXED-LENGTH DATA ELEMENTS--GENERAL INFORMATION | |
| fixed length control field | 230211s9999 xx 000 0 und d |
| 020 ## - INTERNATIONAL STANDARD BOOK NUMBER | |
| International Standard Book Number | 81-7023-030-6 |
| 041 ## - LANGUAGE CODE | |
| Language code of text/sound track or separate title | eng |
| 082 ## - DEWEY DECIMAL CLASSIFICATION NUMBER | |
| Classification number | 658 |
| 100 ## - MAIN ENTRY--PERSONAL NAME | |
| Personal name | Drucker P F |
| 9 (RLIN) | 106321 |
| 245 ## - TITLE STATEMENT | |
| Title | Practice Of Management |
| 260 ## - PUBLICATION, DISTRIBUTION, ETC. (IMPRINT) | |
| Name of publisher, distributor, etc. | Allied Publication |
| Date of publication, distribution, etc. | 2000 |
| 300 ## - PHYSICAL DESCRIPTION | |
| Extent | 404p |
| 906 ## - LOCAL DATA ELEMENT F, LDF (RLIN) | |
| b | 20.0 |
| Withdrawn status | Lost status | Damaged status | Not for loan | Home library | Current library | Date acquired | Vendor | Cost, normal purchase price | Full call number | Barcode | Date last seen | Cost, replacement price | Bill Date | Koha item type | Original Barcode |
|---|---|---|---|---|---|---|---|---|---|---|---|---|---|---|---|
| Dr. Bhanuben Nanavati College of Architecture | Dr. Bhanuben Nanavati College of Architecture | 13/11/2008 | Om Book Stall | 110.00 | 658 | BNCA-YC-31 | 11/02/2023 | 88.00 | 11/02/2023 | YC BOOK | YC00031 |